[Event "Muensterland Verbandsklasse-B 0304"]
[Site "Germany"]
[Date "2004.03.27"]
[Round "8.7"]
[White "Willermann, Norbert"]
[Black "Kornmann, Joerg"]
[Result "1-0"]
[WhiteElo "1778"]
[BlackElo "1562"]
[PlyCount "63"]
[EventDate "2003.09.20"]
[EventType "team"]
[EventRounds "9"]
[EventCountry "GER"]
[SourceTitle "EXT 2005"]
[Source "ChessBase"]
[SourceDate "2004.11.15"]
[SourceVersion "1"]
[SourceVersionDate "2004.11.15"]
[SourceQuality "1"]
[WhiteTeam "Westbevern II"]
[BlackTeam "Luedinghausen"]
[WhiteTeamCountry "GER"]
[BlackTeamCountry "GER"]

1. f4 g6 2. e4 Bg7 3. Nf3 d6 4. c3 c5 5. d3 Nc6 6. Be3 Bg4 7. Be2 e6 8. 0-0 Nge7 9. h3 Bxf3 10. Bxf3 0-0 11. Nd2 f5 12. Qe2 fxe4 13. Nxe4 d5 14. Nxc5 Qc8 15. d4 b6 16. Nd3 Nf5 17. Kh2 Qc7 18. Rae1 Rae8 19. g4 Nh4 20. Qf2 Nxf3+ 21. Qxf3 g5 22. Qg3 gxf4 23. Bxf4 Qd7 24. Be5 Nxe5 25. Nxe5 Bxe5 26. Qxe5 Rf7 27. Kg2 Ref8 28. Qg5+ Kh8 29. Qe5+ Kg8 30. Rxf7 Qxf7 31. Qxe6 Qxe6 32. Rxe6 1-0